LEADER 01432nam--2200409---450- 001 990008867580403321 005 20090624112702.0 010 $a88-86857-41-1$b2 010 $a3-85256-096-9$b1 010 $a3-85256-249-X$b2 035 $a000886758 035 $aFED01000886758 035 $a(Aleph)000886758FED01 035 $a000886758 100 $a20090619g19992003km-y0itaa50------ba 101 0 $ager$aita 102 $aIT 105 $aa-------001yy 200 1 $a<>Gletschermumie aus der Kupferzeit$eneue Forschungsergebnisse zum Mann aus dem Eis$d= La mummia dell' eta del Rame$enuove ricerche sull'uomo venuto dal ghiaccio 210 $aBozen ; Wien$cFolio$d1999-2003 215 $a2 v.$cill.$d27 cm 225 1 $aFolio s$v1; 3$eCollana del Museo archeologico dell'Alto Adige 300 $aIn testa al front.: Südtiroler Archäologiemuseum = Museo archeologico dell'Alto Adige = Museum archeologich de Südtirol 327 0 $a2. v. a cura di Angelika Fleckinger 610 0 $aUomo di Similaun 676 $a937.3 676 $a573.3 702 1$aFleckinger,$bAngelika 712 02$aMuseo archeologico dell'Alto Adige 801 0$aIT$bUNINA$gRICA$2UNIMARC 901 $aBK 912 $a990008867580403321 952 $a937.3 GLE 1 (1)$bBibl.57959$fFLFBC 952 $a937.3 GLE 1 (2)$bBibl.57960$fFLFBC 959 $aFLFBC 996 $aGletschermumie aus der Kupferzeit$9803334 997 $aUNINA LEADER 01156nam2-2200373---450- 001 990006093060203316 005 20151028124528.0 010 $a978-88-06-22494-3 035 $a000609306 035 $aUSA01000609306 035 $a(ALEPH)000609306USA01 035 $a000609306 100 $a20050908h2015----km-y0itaa50------ba 101 0 $aita 102 $aIT 105 $aa|||z|||001yy 200 1 $aDare l'anima$estoria di un infanticidio$fAdriano Prosperi 210 $aTorino$cEinaudi$d2015 215 $aX, 386 p., [4] carte di tav.$cill.$d23 cm 225 2 $aPiccola biblioteca Einaudi$iNuova serie$v633 410 0$1001000597891$12001$aPiccola biblioteca Einaudi$iNuova serie$v, 633 600 1$aCremonini,$bLucia 606 0 $aInfanticidio$yBologna$z1709 676 $a364.15230945411 700 1$aPROSPERI,$bAdriano$0140139 801 0$aIT$bsalbc$gISBD 912 $a990006093060203316 951 $aX.2.B. 2425$b249157 L.M.$cX.2.B.$d00348198 959 $aBK 969 $aUMA 979 $aPASSARO$b90$c20151028$lUSA01$h1242 979 $aPASSARO$b90$c20151028$lUSA01$h1245 996 $aDare l'anima$9739581 997 $aUNISA